书目信息 |
| 题名: |
地方人大工作研究
|
|
| 作者: | 张式军 主编 | |
| 分册: | ||
| 出版信息: | 长沙 湖南人民出版社 1988.01 |
|
| 页数: | ||
| 开本: | ||
| 丛书名: | ||
| 单 册: | ||
| 中图分类: | D624 | |
| 科图分类: | ||
| 主题词: | 地方各级人民代表大会 | |
| 电子资源: | ||
| ISBN: | 7-217-00277-X | |
| 000 | 00575nam0 2200193 45 | |
| 001 | 0404221607 | |
| 005 | 20050616172041.5 | |
| 010 | @a7-217-00277-X@b简易精装@dCNY2.80 | |
| 100 | @a20040422d1988 km y0chiy0120 ea | |
| 101 | 0 | @achi |
| 105 | @a z 000yy | |
| 200 | 1 | @a地方人大工作研究@ADi Fang Ren Da Gong Zuo Yan Jiu@f张式军主编@FZhang Shi Jun Zhu Bian |
| 210 | @a长沙@c湖南人民出版社@d1988.01 | |
| 300 | @a湖南省人大常委会 | |
| 606 | 0 | @a地方各级人民代表大会 |
| 690 | @aD624@v3 | |
| 701 | 0 | @a张式军@4主编 |
| 801 | @aCN@bPftUser@c20040422 | |
| 905 | @dD624@e11@f1@b207425 | |
| 地方人大工作研究/张式军主编.-长沙:湖南人民出版社,1988.01 |
| 湖南省人大常委会 |
| ISBN 7-217-00277-X(简易精装):CNY2.80 |
| ● |
| 相关链接 |
|
|
|
|
正题名:地方人大工作研究
索取号:D624/11
 
预约/预借
| 序号 | 登录号 | 条形码 | 馆藏地/架位号 | 状态 | 备注 |
| 1 | 0207423 | 000513484 | 第一借阅区/ [索取号:D624/11] | 在馆 | |
| 2 | 0207424 | 000215332 | 第一借阅区/ [索取号:D624/11] | 在馆 | |
| 3 | 0207425 | 001111488 | 第一样本阅览室/ [索取号:D624/11] | 在馆 |